Obálka Náhled e-knihy:
Epub
Pro půjčování e-knih musíte být přihlášeni.
Jak si půjčit online?

Do pekel. II., Duchové /

Další pokračování sci-fi románu amerického autora.

Uloženo v:
Série:Do pekel, část 2
Hlavní autor: Smith, Nicholas Sansbury, 1983- (Autor)
Další autoři: Jaňák, Jiří (Autor)
Médium: E-kniha
Jazyk:Czech
Vydáno: Praha : Euromedia Group, 2023
Vydání:Vydání první
Témata:
Příbuzné jednotky:Z cyklu:: Do pekel
Tagy:
Žádné tagy
LEADER 02729nam a2200505 i 4500
001 312167
003 CZ PrSKC
005 20260601215718.0
007 ta
008 231128s2023 xr g 000 f cze
015 |a cnb003576161 
020 |a 9788024289373  |q (brožováno) 
035 |a (OCoLC)1420606890 
040 |a ABG001  |b cze  |d ABA001  |e rda 
041 1 |a cze  |h eng 
072 7 |a 821.111(73)-3  |x Americká próza  |2 Konspekt 
080 |a 821.111(73)-31  |2 MRF 
080 |a (0:82-311.9)  |2 MRF 
100 1 |a Smith, Nicholas Sansbury,  |d 1983-  |7 xx0284196  |4 aut 
240 1 0 |a Ghost.  |l Česky 
245 1 0 |a Do pekel.  |n II.,  |p Duchové /  |c Nicholas Sansbury Smith ; přeložil Jiří Jaňák 
246 3 0 |a Duchové 
250 |a Vydání první 
264 1 |a Praha :  |b Euromedia Group,  |c 2023 
300 |a 286 stran ;  |c 19 cm 
336 |a text  |b txt  |2 rdacontent 
337 |a bez média  |b n  |2 rdamedia 
338 |a svazek  |b nc  |2 rdacarrier 
500 |a Přeloženo z angličtiny 
500 |a Na obálce uvedeno nakladatelství: Laser 
520 2 |a Další pokračování sci-fi románu amerického autora.  |b Před deseti lety zůstal helldiver Xavier „X“ Rodriguez opuštěný na povrchu Země. Ostatní, které svou obětí zachránil, se bez něj vrátili na Úl, vzducholoď, která byla jejich jediným domovem. Michael Everhart - chlapec známý jako Plecháč - nyní dorostl v muže a stal se velitelem týmu Raptor. Zatímco Michael skáče, aby udržel Úl ve vzduchu, kapitán Leon Jordan svírá kormidlo železnou pěstí. Pod jeho přísným velením ale sílí nepokoj, protože podpalubím se šíří proroctví přinášející naději. Když pak tajemné volání o pomoc pošle helldivery na povrch, začne Michael se svým věrným týmem odhalovat dlouho pohřbené pravdy a tajemství, která chce kapitán Jordan ochránit za každou cenu. Nakladatelská anotace. Kráceno. 
655 7 |a americké romány  |7 fd131796  |2 czenas 
655 7 |a vědecko-fantastické romány  |7 fd133847  |2 czenas 
655 9 |a American fiction  |2 eczenas 
655 9 |a science fiction novels  |2 eczenas 
700 1 |a Jaňák, Jiří  |7 jo20201085452  |4 trl 
765 1 |t Hell divers 
787 0 8 |i Z cyklu:  |t Do pekel  |g 2 
900 |a ABA001  |b 21 
928 9 |a Euromedia Group - Laser 
928 9 |a Laser 
044 |a xr 
910 |a RBIT002 
998 |d 390659  |a https://core.palmknihy.cz/api/books/390659/cover?s3ed0f  |b https://core.palmknihy.cz/api/books/390659/cover/400?s3ed0f  |c https://core.palmknihy.cz/api/books/390659/cover/50?s3ed0f  |e 2027-10-20  |g 288  |i 9788024289373  |j https://core.palmknihy.cz/api/books/390659/preview.epub  |l   |q 49  |r 1  |s https://www.palmknihy.cz/kniha/390659  |t ebook  |y 2023  |z 0  |v Do pekel  |w 2 
999 |d 312165